[Event "Nordic Youth-ch A 2019"]
[Site "Borgarnes"]
[Date "2019.02.17"]
[Round "6.13"]
[White "Shehzad, Shazil"]
[Black "Soderstrom, Adrian"]
[Result "1-0"]
[WhiteElo "1959"]
[BlackElo "2138"]
[Annotator "NA"]
[PlyCount "107"]
[EventDate "2019.02.03"]
[EventType "swiss"]
[EventCountry "ISL"]
[SourceTitle "playchess.com"]
[Source "ChessBase"]
[SourceQuality "1"]
[TimeControl "5400+30"]

1. e4 c5 2. Nf3 d6 3. d4 cxd4 4. Nxd4 Nf6 5. Nc3 g6 6. Be3 Bg7 7. f3 O-O 8. Qd2 Nc6 9. O-O-O d5 10. Qe1 e5 11. Nxc6 bxc6 {[%emt 0:30:50]} 12. exd5 {[%emt 0:00:55]} cxd5 {[%emt 0:00:30]} 13. Bg5 {[%emt 0:00:12]} Bb7 {[%emt 0:23:33] B76: Sicilian Dragon: Yugoslav Attack, 9 g4 and 9 0-0-0} 14. Bc4 {[%emt 0:02:53]} Qb6 {[%emt 0:07:08]} 15. Bxf6 {[%emt 0:04:07]} Bxf6 {[%emt 0:00:56]} 16. Bxd5 $146 {[%emt 0:01:05]} ({Predecessor:} 16. Nxd5 Bxd5 17. Rxd5 e4 18. Rb5 Qc7 19. Qxe4 Rad8 20. Rb7 Qa5 21. c3 {1-0 (41) Krzyzanowski,M (2473)-Kopta,P (2210) Klatovy 2018}) 16... Rab8 {[%emt 0:01:51]} 17. Bb3 {[%emt 0:01:23]} Rfc8 {[%emt 0:03:35]} 18. h4 {[%emt 0:03:07]} a5 {[%emt 0:03:43]} 19. Rd7 {[%emt 0:06:09]} Rf8 {[%emt 0:03:45]} 20. a4 {[%emt 0:03:39]} Qc5 {[%emt 0:07:48]} 21. Kb1 {[%emt 0:14:00]} Bc6 {[%emt 0:01:39]} 22. Rd3 {[%emt 0:01:40]} Rfc8 {[%emt 0:02:03]} 23. h5 {[%emt 0:02:28]} g5 {[%emt 0:05:22]} 24. Qd2 {[%emt 0:02:00]} Be7 {[%emt 0:00:52]} 25. h6 {[%emt 0:01:45]} Qb4 {[%emt 0:02:07]} 26. Rh5 {[%emt 0:05:24]} Qf4 {[%emt 0:00:08]} 27. Nd5 {[%emt 0:11:18]} Bxd5 {[%emt 0:00:21]} 28. Qxf4 {[%emt 0:01:24]} ({Weaker is} 28. Bxd5 Rb4 $16) 28... exf4 {[%emt 0:00:27]} 29. Rxd5 {[%emt 0:00:14]} Bd8 {[%emt 0:03:17]} 30. Rh1 {[%emt 0:02:26]} Kf8 {[%emt 0:00:49]} 31. Re1 {[%emt 0:00:49]} Ra8 {[%emt 0:00:53]} 32. Rde5 {[%emt 0:03:27]} Bf6 {[%emt 0:00:27]} 33. Rf5 {[%emt 0:00:14]} Ra6 {[%emt 0:00:05]} 34. Rd1 {[%emt 0:01:33]} Rc7 {[%emt 0:01:12]} 35. Rdd5 {[%emt 0:00:40]} Rca7 {[%emt 0:01:42]} 36. Rb5 {[%emt 0:01:32]} Bd8 {[%emt 0:00:34]} 37. Rfd5 {[%emt 0:01:27]} Ke8 {[%emt 0:01:05]} (37... Ke7 {might work better.} 38. Rxg5 Rxh6) 38. Bc4 {[%emt 0:02:10]} Rc6 {[%emt 0:01:22]} 39. Bd3 {[%emt 0:01:40]} Rd7 {[%emt 0:00:23]} 40. Rxd7 {[%emt 0:10:52]} Kxd7 $18 {[%emt 0:00:00]} 41. Rb7+ {[%emt 0:00:26]} Rc7 {[%emt 0:00:15]} 42. Rxc7+ {[%emt 0:00:51]} Bxc7 {[%emt 0:00:06]} 43. Bxh7 {[%emt 0:00:36]} Ke6 {[%emt 0:00:18]} 44. c3 {[%emt 0:02:07]} Bd6 {[%emt 0:01:20]} 45. Bg8 {[%emt 0:05:21]} Be5 {[%emt 0:01:24]} 46. Kc2 {[%emt 0:00:36]} g4 {[%emt 0:00:05]} 47. fxg4 {[%emt 0:01:10]} Kf6 {[%emt 0:00:27]} 48. h7 {[%emt 0:00:22]} Kg5 {[%emt 0:00:04]} 49. Bxf7 {[%emt 0:00:20]} Kxg4 {[%emt 0:00:05]} 50. Bd5 {[%emt 0:00:30]} Bf6 {[%emt 0:00:33]} 51. b4 {[%emt 0:00:36]} axb4 {[%emt 0:00:17]} 52. cxb4 {[%emt 0:00:04]} Kf5 {[%emt 0:00:03]} 53. a5 {[%emt 0:01:09]} Ke5 {[%emt 0:00:03]} 54. a6 {[%emt 0:00:14]} 1-0

[Event "Nordic Youth-ch A 2019"]
[Site "Borgarnes"]
[Date "2019.02.17"]
[Round "6.15"]
[White "Moller, Albert Mechlenburg"]
[Black "Dale, Gunnar Brandshaug"]
[Result "0-1"]
[WhiteElo "1845"]
[BlackElo "1889"]
[Annotator "NA"]
[PlyCount "74"]
[EventDate "2019.02.03"]
[EventType "swiss"]
[EventCountry "ISL"]
[SourceTitle "playchess.com"]
[Source "ChessBase"]
[SourceQuality "1"]
[TimeControl "5400+30"]

1. c4 {[%emt 0:00:00]} e6 {[%emt 0:00:00]} 2. Nc3 {[%emt 0:00:00]} d5 {[%emt 0:00:27]} 3. d4 {[%emt 0:00:26]} Nf6 {[%emt 0:00:17]} 4. g3 {[%emt 0:01:14]} Be7 {[%emt 0:00:51]} 5. Bg2 {[%emt 0:00:31]} O-O {[%emt 0:00:19]} 6. e3 {[%emt 0:03:38]} c6 {[%emt 0:03:17]} 7. Nge2 {[%emt 0:03:01]} Nbd7 {[%emt 0:01:09]} 8. O-O {[%emt 0:03:24]} dxc4 {[%emt 0:03:28]} 9. Qc2 {[%emt 0:02:10]} Qc7 {[%emt 0:02:29]} 10. Ne4 {[%emt 0:01:25]} e5 {[%emt 0:09:05]} 11. Qxc4 {[%emt 0:02:20]} Nxe4 {[%emt 0:01:47]} 12. Bxe4 {[%emt 0:00:05]} Nf6 {[%emt 0:00:17]} 13. Bg2 {[%emt 0:00:17]} Be6 {[%emt 0:02:02]} 14. Qc2 {[%emt 0:00:48]} Rfd8 {[%emt 0:01:47]} 15. b3 {[%emt 0:01:48]} exd4 {[%emt 0:05:32]} 16. Nxd4 {[%emt 0:00:29]} Bd5 {[%emt 0:00:29]} 17. Bb2 {[%emt 0:03:44]} Bxg2 {[%emt 0:01:15]} 18. Kxg2 Nd5 {[%emt 0:01:57]} 19. a3 {[%emt 0:06:41]} Bf6 {[%emt 0:02:09]} 20. Rad1 {[%emt 0:01:56]} Rd7 {[%emt 0:06:51]} 21. Rd3 {[%emt 0:01:40]} Rad8 {[%emt 0:04:33]} 22. Rfd1 {[%emt 0:00:39]} c5 {[%emt 0:04:09]} 23. Nb5 {[%emt 0:13:48]} Qc6 {[%emt 0:00:51]} 24. e4 {[%emt 0:02:22]} Ne3+ {[%emt 0:08:56]} 25. Rxe3 {[%emt 0:00:11]} Rxd1 {[%emt 0:01:39]} 26. Bxf6 {[%emt 0:01:35]} Qxf6 {[%emt 0:01:22]} 27. Qc4 {[%emt 0:01:38]} R1d2 {[%emt 0:04:52]} 28. Rf3 {[%emt 0:00:22]} Qe6 {[%emt 0:00:41]} 29. Nxa7 {[%emt 0:04:44]} Qxc4 {[%emt 0:00:46]} 30. bxc4 {[%emt 0:00:06]} Rc2 {[%emt 0:01:30]} 31. Rb3 {[%emt 0:01:51]} Rdd2 {[%emt 0:00:40]} 32. Rxb7 {[%emt 0:00:24]} Rxf2+ {[%emt 0:00:50]} 33. Kg1 {[%emt 0:00:18]} Rg2+ {[%emt 0:00:09]} 34. Kf1 {[%emt 0:00:09]} g6 {[%emt 0:00:10]} 35. Rb1 {[%emt 0:05:29]} Rxh2 {[%emt 0:01:02]} 36. Kg1 {[%emt 0:00:04]} Rhg2+ {[%emt 0:00:12]} 37. Kh1 {[%emt 0:00:05]} Rxg3 {[%emt 0:00:12]} 0-1

[Event "Nordic Youth-ch A 2019"]
[Site "Borgarnes"]
[Date "2019.02.17"]
[Round "6.16"]
[White "Falkevall, Axel"]
[Black "Sokka, Valtteri"]
[Result "1-0"]
[WhiteElo "2070"]
[BlackElo "1475"]
[Annotator "NA"]
[PlyCount "129"]
[EventDate "2019.02.03"]
[EventType "swiss"]
[EventCountry "ISL"]
[SourceTitle "playchess.com"]
[Source "ChessBase"]
[SourceQuality "1"]
[TimeControl "5400+30"]

1. e4 {[%emt 0:00:00]} e6 {[%emt 0:00:00]} 2. d4 {[%emt 0:00:00]} d5 {[%emt 0:00:00]} 3. Nd2 {[%emt 0:00:00]} c5 {[%emt 0:00:11]} 4. exd5 cxd4 {[%emt 0:00:48]} 5. Ngf3 {[%emt 0:00:37]} Nf6 (5... Qxd5 6. Bc4 Qd7 7. O-O Nc6 8. Nb3 a6 9. a4 Nf6 10. Qe2 Bd6 11. Rd1 e5 12. Nbxd4 O-O 13. Nxc6 Qxc6 14. Bg5 {1-0 (29) Jones,G (2682)-McShane,L (2664) London 2018}) 6. dxe6 {[%emt 0:01:49] C07: French Tarrasch: 3...c5, 4 Ngf3 and 4 exd5 Qxd5} Bxe6 {[%emt 0:01:03]} 7. Bd3 {[%emt 0:01:02]} Bb4 $146 {[%emt 0:00:37]} ({Predecessor:} 7... Nc6 8. O-O h6 9. Nb3 Bd6 10. Bb5 O-O 11. Bxc6 bxc6 12. Nbxd4 Bd5 13. Nf5 {1-0 (61) Nurdin Uulu,S-Sultanbekov,K (1928) Bishkek 2018}) 8. O-O {[%emt 0:00:59]} Bxd2 {[%emt 0:00:37]} 9. Bxd2 {[%emt 0:00:21]} O-O {[%emt 0:00:18]} 10. Bb4 {[%emt 0:02:51]} Re8 11. Nxd4 {[%emt 0:02:18]} Kh8 {[%emt 0:01:50]} 12. Nxe6 {[%emt 0:01:57]} Rxe6 {[%emt 0:01:05]} 13. Bc3 {[%emt 0:01:16]} Nc6 14. Re1 Rxe1+ {[%emt 0:01:43]} 15. Qxe1 {[%emt 0:00:49]} Qd6 {[%emt 0:02:39]} 16. h3 {[%emt 0:02:22]} Re8 {[%emt 0:00:47]} 17. Qd2 {[%emt 0:02:25]} Ne5 {[%emt 0:02:02]} 18. Bb5 {[%emt 0:04:26]} Qxd2 {[%emt 0:00:16]} 19. Bxd2 {[%emt 0:00:10]} Rd8 {[%emt 0:00:48]} 20. Bc3 {[%emt 0:01:05]} Ng6 {[%emt 0:01:05]} 21. Re1 {[%emt 0:01:55]} Kg8 {[%emt 0:01:00]} 22. Bxf6 {[%emt 0:01:49]} gxf6 {[%emt 0:00:09]} 23. Re8+ {[%emt 0:00:06]} Rxe8 {[%emt 0:00:07]} 24. Bxe8 {[%emt 0:00:06]} Kf8 {[%emt 0:00:09]} 25. Bb5 {[%emt 0:00:11]} Ke7 {[%emt 0:00:38]} 26. Bd3 {[%emt 0:02:31]} Kd6 {[%emt 0:00:37]} 27. Bxg6 {[%emt 0:00:29]} fxg6 {[%emt 0:00:06]} 28. Kf1 {[%emt 0:00:03]} Kd5 {[%emt 0:00:17]} 29. Ke2 {[%emt 0:00:19]} Ke4 {[%emt 0:00:41]} 30. c3 {[%emt 0:00:33]} b5 $18 {[%emt 0:00:28]} 31. g3 {[%emt 0:02:11]} h6 {[%emt 0:01:05]} 32. f3+ {[%emt 0:00:23]} Ke5 {[%emt 0:00:30]} 33. Ke3 {[%emt 0:00:17]} g5 {[%emt 0:00:38]} 34. f4+ {[%emt 0:01:12]} gxf4+ {[%emt 0:04:12]} 35. gxf4+ {[%emt 0:00:06]} Kd5 {[%emt 0:00:15]} 36. Kd3 {[%emt 0:00:21]} f5 {[%emt 0:00:31]} 37. b3 {[%emt 0:01:40]} a6 {[%emt 0:01:15]} 38. b4 {[%emt 0:01:04]} Ke6 {[%emt 0:01:29]} 39. Kd4 {[%emt 0:00:11]} Kd6 {[%emt 0:01:22]} 40. h4 {[%emt 0:00:24]} Ke6 {[%emt 0:00:51]} 41. h5 {[%emt 0:00:54]} Kd6 {[%emt 0:00:21]} 42. a3 {[%emt 0:00:04]} Kd7 {[%emt 0:03:26]} 43. Kd5 {[%emt 0:00:12]} Kc7 {[%emt 0:00:11]} 44. Ke5 {[%emt 0:00:22]} Kc6 {[%emt 0:00:18]} 45. Kxf5 {[%emt 0:00:09]} Kd5 {[%emt 0:00:32]} 46. Kg6 {[%emt 0:00:16]} Kc4 {[%emt 0:00:18]} 47. f5 {[%emt 0:00:06]} Kxc3 {[%emt 0:00:06]} 48. f6 {[%emt 0:00:04]} Kb3 {[%emt 0:00:27]} 49. f7 {[%emt 0:00:30]} Kxa3 {[%emt 0:00:11]} 50. f8=Q {[%emt 0:00:09]} Ka4 {[%emt 0:00:17]} 51. Qa8 {[%emt 0:00:34]} Kxb4 {[%emt 0:00:18]} 52. Qxa6 {[%emt 0:00:06]} Kc5 {[%emt 0:00:11]} 53. Qxb5+ {[%emt 0:00:05]} Kxb5 {[%emt 0:00:06]} 54. Kxh6 {[%emt 0:00:05]} Kc5 {[%emt 0:00:15]} 55. Kg7 {[%emt 0:00:08]} Kd5 {[%emt 0:00:12]} 56. h6 {[%emt 0:00:10]} Ke4 {[%emt 0:00:11]} 57. h7 {[%emt 0:00:04]} Kd3 {[%emt 0:00:15]} 58. h8=Q {[%emt 0:00:10]} Kc2 {[%emt 0:00:16]} 59. Qh3 {[%emt 0:00:08]} Kb1 {[%emt 0:00:10]} 60. Qg2 {[%emt 0:00:07]} Ka1 {[%emt 0:00:07]} 61. Kf6 {[%emt 0:00:06]} Kb1 {[%emt 0:00:22]} 62. Ke5 {[%emt 0:00:06]} Ka1 {[%emt 0:00:17]} 63. Kd4 {[%emt 0:00:06]} Kb1 {[%emt 0:00:06]} 64. Kc3 {[%emt 0:00:04]} Ka1 {[%emt 0:00:10]} 65. Qb2# {[%emt 0:00:05]} 1-0

[Event "Nordic Youth-ch A 2019"]
[Site "Borgarnes"]
[Date "2019.02.17"]
[Round "6.17"]
[White "Kvaloy, Aksel Bu"]
[Black "Moller, Tomas"]
[Result "1-0"]
[WhiteElo "2066"]
[BlackElo "1226"]
[Annotator "NA"]
[PlyCount "79"]
[EventDate "2019.02.03"]
[EventType "swiss"]
[EventCountry "ISL"]
[SourceTitle "playchess.com"]
[Source "ChessBase"]
[SourceQuality "1"]
[TimeControl "5400+30"]

1. e4 {[%emt 0:00:00]} c5 {[%emt 0:00:00]} 2. Nf3 {[%emt 0:00:00]} e6 {[%emt 0:00:00]} 3. d4 {[%emt 0:00:00]} cxd4 {[%emt 0:00:00]} 4. Nxd4 {[%emt 0:00:00]} Nc6 {[%emt 0:00:42]} 5. Nb5 {[%emt 0:00:33]} d6 {[%emt 0:01:10]} 6. c4 {[%emt 0:00:19]} a6 {[%emt 0:01:14] B44: Sicilian: Taimanov: 5 Nb5} (6... Nf6 7. N5c3 b6 8. Be2 Bb7 9. Bf4 a6 10. O-O Be7 11. Re1 O-O 12. Bf1 Rc8 13. Nd2 Nd7 14. Rc1 Nce5 15. Bg3 Bh4 16. Bxh4 Qxh4 17. g3 Qe7 18. f4 Ng6 19. Nf3 Nf6 20. Qd2 Rfd8 {0-1 (65) Jumabayev,R (2594)-Adhiban,B (2671) Hamedan 2018 CBM 186 [Adhiban,B]}) 7. N5c3 {[%emt 0:00:17]} Qc7 {[%emt 0:01:49]} 8. Be2 {[%emt 0:00:55]} Nf6 {[%emt 0:01:23]} 9. O-O {[%emt 0:00:18]} Be7 {[%emt 0:01:28]} 10. Bf4 {[%emt 0:01:50]} O-O {[%emt 0:02:03]} 11. Nd2 {[%emt 0:00:48]} Bd7 $146 {[%emt 0:05:06]} ({Predecessor:} 11... Nd7 12. Re1 Re8 13. Rc1 Nce5 14. a3 b6 15. b4 Bb7 16. Bf1 Rac8 17. Qe2 Qb8 {1-0 (58) Castellanos Rodriguez,R (2505)-Kambrath,Y (2292) Lille 2013}) 12. Re1 {[%emt 0:01:56]} Rac8 {[%emt 0:01:35]} 13. Rc1 {[%emt 0:01:24]} Nd4 {[%emt 0:03:45]} 14. Bf1 {[%emt 0:04:28]} e5 {[%emt 0:05:01]} 15. Be3 {[%emt 0:01:43]} Qb8 {[%emt 0:06:11]} 16. Nb3 {[%emt 0:06:26]} Nxb3 {[%emt 0:03:28]} 17. Qxb3 {[%emt 0:00:14]} h6 {[%emt 0:03:43]} 18. Red1 {[%emt 0:04:28]} Be6 {[%emt 0:07:42]} 19. a4 {[%emt 0:10:58]} Rc6 {[%emt 0:06:05]} 20. Nd5 {[%emt 0:04:23]} Bxd5 {[%emt 0:03:22]} 21. exd5 {[%emt 0:00:29]} Rcc8 22. h3 {[%emt 0:04:13]} Ne4 {[%emt 0:04:16]} 23. Qc2 {[%emt 0:02:01]} Nc5 {[%emt 0:04:16]} (23... f5 $14) 24. b4 {[%emt 0:01:29]} Nd7 {[%emt 0:00:09]} 25. a5 {[%emt 0:00:48]} f5 {[%emt 0:01:57]} 26. f3 {[%emt 0:04:29]} Rc7 {[%emt 0:05:38]} (26... Bg5 $16 {might work better.} 27. Bxg5 hxg5) 27. c5 {[%emt 0:04:24]} f4 {[%emt 0:04:45]} (27... Bg5 {keeps fighting.} 28. Bxg5 hxg5) 28. Bf2 {[%emt 0:00:29]} Rfc8 {[%emt 0:02:22]} 29. Qa4 {[%emt 0:02:44]} Bf8 {[%emt 0:04:36]} (29... e4 {was worth a try.} 30. fxe4 Ne5) 30. c6 {[%emt 0:04:55]} Nf6 {[%emt 0:03:03]} 31. Bb6 {[%emt 0:01:36]} Rf7 {[%emt 0:01:27]} 32. cxb7 {[%emt 0:02:27]} Qxb7 {[%emt 0:01:20]} 33. Rxc8 {[%emt 0:00:54]} Qxc8 {[%emt 0:00:10]} 34. Qc6 {[%emt 0:00:36]} Qb8 {[%emt 0:02:22]} 35. Bxa6 {[%emt 0:01:08]} Nd7 {[%emt 0:00:19]} 36. Qc8 {[%emt 0:02:33]} Re7 $18 {[%emt 0:00:44]} 37. Qxb8 {[%emt 0:03:50]} Nxb8 {[%emt 0:00:15]} 38. Bb5 {[%emt 0:00:26]} Rb7 {[%emt 0:01:05]} 39. Bc6 {[%emt 0:00:25]} Rf7 {[%emt 0:00:08]} 40. b5 {[%emt 0:00:28]} 1-0

[Event "Nordic Youth-ch A 2019"]
[Site "Borgarnes"]
[Date "2019.02.17"]
[Round "6.18"]
[White "Olsen, William Alexander"]
[Black "Koota, Ilkka"]
[Result "0-1"]
[WhiteElo "1646"]
[BlackElo "1514"]
[Annotator "NA"]
[PlyCount "162"]
[EventDate "2019.02.03"]
[EventType "swiss"]
[EventCountry "ISL"]
[SourceTitle "playchess.com"]
[Source "ChessBase"]
[SourceQuality "1"]
[TimeControl "5400+30"]

1. e4 {[%emt 0:00:00]} e5 2. Nf3 {[%emt 0:00:00]} Nc6 {[%emt 0:00:00]} 3. Bb5 g6 4. O-O {[%emt 0:03:27]} Bg7 {[%emt 0:03:07]} 5. c3 {[%emt 0:00:20]} a6 {[%emt 0:00:08]} 6. Ba4 {[%emt 0:00:30]} d6 {[%emt 0:00:12]} 7. h3 {[%emt 0:01:17]} Bd7 {[%emt 0:00:49]} 8. d4 h6 {[%emt 0:03:53]} 9. Be3 {[%emt 0:07:13]} Nf6 10. Bc2 {[%emt 0:04:30]} O-O {[%emt 0:00:44]} 11. Nbd2 {[%emt 0:01:19]} Re8 {[%emt 0:00:39]} 12. Re1 {[%emt 0:05:29]} Nh7 {[%emt 0:01:24]} 13. Bb3 {[%emt 0:15:02]} Na5 {[%emt 0:03:36]} 14. Nh2 {[%emt 0:12:17]} Nxb3 {[%emt 0:01:36]} 15. Qxb3 {[%emt 0:00:16]} b5 {[%emt 0:00:56]} 16. Rad1 {[%emt 0:02:06]} Be6 {[%emt 0:00:43]} 17. d5 {[%emt 0:01:02]} Bd7 {[%emt 0:00:43]} 18. c4 {[%emt 0:04:30]} f5 {[%emt 0:03:09]} 19. f3 {[%emt 0:04:29]} f4 {[%emt 0:00:43]} 20. Bf2 {[%emt 0:00:06]} h5 {[%emt 0:01:25]} 21. Qd3 {[%emt 0:04:24]} g5 {[%emt 0:00:32]} 22. Qf1 {[%emt 0:04:27]} Nf6 {[%emt 0:00:54]} 23. g4 {[%emt 0:00:51]} fxg3 {[%emt 0:01:30]} 24. Bxg3 {[%emt 0:00:22]} h4 {[%emt 0:00:30]} 25. Bf2 {[%emt 0:00:22]} Nh5 {[%emt 0:00:17]} 26. Be3 {[%emt 0:00:32]} Kh7 {[%emt 0:03:16]} 27. Qg2 {[%emt 0:01:03]} Rg8 {[%emt 0:01:00]} 28. Ng4 {[%emt 0:01:05]} Nf4 {[%emt 0:02:37]} 29. Qf1 {[%emt 0:03:35]} bxc4 {[%emt 0:06:26]} 30. Nxc4 {[%emt 0:01:07]} Bb5 {[%emt 0:00:29]} 31. b3 {[%emt 0:00:22]} a5 {[%emt 0:01:17]} 32. Bxf4 {[%emt 0:02:18]} exf4 {[%emt 0:01:05]} 33. Qd3 {[%emt 0:00:38]} Kh8 {[%emt 0:00:41]} 34. a4 {[%emt 0:03:23]} Bxc4 {[%emt 0:02:46]} 35. Qxc4 {[%emt 0:01:08]} Qd7 {[%emt 0:01:02]} 36. Rd3 {[%emt 0:03:22]} Rgc8 {[%emt 0:03:11]} 37. Rc1 {[%emt 0:04:29]} Rab8 {[%emt 0:05:58]} 38. Kg2 {[%emt 0:00:46]} Rb6 {[%emt 0:01:33]} 39. Nf2 {[%emt 0:03:16]} c5 {[%emt 0:00:18]} 40. Nd1 {[%emt 0:02:06]} Ra8 {[%emt 0:00:31]} 41. Qc2 {[%emt 0:01:48]} Rab8 {[%emt 0:01:53]} 42. Rb1 {[%emt 0:01:10]} Rb4 {[%emt 0:00:27]} 43. Nb2 {[%emt 0:00:40]} Bxb2 {[%emt 0:00:54]} 44. Qxb2+ {[%emt 0:01:02]} Qg7 {[%emt 0:00:11]} 45. Rdd1 {[%emt 0:03:02]} c4 {[%emt 0:01:50]} 46. Qxg7+ {[%emt 0:00:51]} Kxg7 {[%emt 0:00:01]} 47. e5 {[%emt 0:00:25]} Rxb3 {[%emt 0:00:17]} 48. Rbc1 {[%emt 0:00:26]} Rb2+ {[%emt 0:00:44]} 49. Kg1 {[%emt 0:00:12]} R2b4 {[%emt 0:00:47]} 50. exd6 {[%emt 0:00:23]} Rxa4 51. Rd4 {[%emt 0:00:30]} Ra3 {[%emt 0:00:34]} 52. Rdxc4 {[%emt 0:00:51]} Rd8 {[%emt 0:01:14]} 53. Rc7+ {[%emt 0:01:05]} Kf6 {[%emt 0:00:16]} 54. R1c6 {[%emt 0:00:14]} Rxf3 {[%emt 0:00:20]} 55. d7+ {[%emt 0:00:46]} Ke5 {[%emt 0:01:01]} 56. Re6+ {[%emt 0:00:20]} Kxd5 {[%emt 0:00:04]} 57. Re8 {[%emt 0:00:11]} Kd6 {[%emt 0:00:06]} 58. Ra7 {[%emt 0:00:43]} Rxd7 {[%emt 0:00:09]} 59. Rxa5 {[%emt 0:00:32]} Re7 {[%emt 0:02:20]} 60. Ra6+ {[%emt 0:00:47]} Kd7 {[%emt 0:00:07]} 61. Rb8 {[%emt 0:00:16]} Rxh3 {[%emt 0:00:16]} 62. Rb7+ {[%emt 0:00:45]} Ke8 {[%emt 0:00:06]} 63. Rb8+ {[%emt 0:00:31]} Kf7 {[%emt 0:00:08]} 64. Rb5 {[%emt 0:00:26]} Rg3+ {[%emt 0:00:14]} 65. Kf2 {[%emt 0:00:13]} Re6 {[%emt 0:00:21]} 66. Rf5+ {[%emt 0:00:34]} Kg6 {[%emt 0:00:01]} 67. Rxg5+ {[%emt 0:00:27]} Rxg5 {[%emt 0:00:37]} 68. Rxe6+ {[%emt 0:00:08]} Kf5 {[%emt 0:00:05]} 69. Re1 {[%emt 0:00:27]} h3 {[%emt 0:00:14]} 70. Rh1 {[%emt 0:00:44]} Rg2+ {[%emt 0:00:09]} 71. Kf3 {[%emt 0:00:11]} Rg3+ {[%emt 0:00:07]} 72. Kf2 {[%emt 0:01:11]} Kg4 {[%emt 0:00:05]} 73. Rh2 {[%emt 0:00:26]} f3 {[%emt 0:00:16]} 74. Ke3 {[%emt 0:00:16]} Rg2 {[%emt 0:00:11]} 75. Rxg2+ {[%emt 0:00:48]} fxg2 {[%emt 0:00:07]} 76. Kf2 {[%emt 0:00:08]} Kf4 {[%emt 0:00:06]} 77. Kg1 {[%emt 0:00:04]} Kf3 {[%emt 0:00:05]} 78. Kh2 {[%emt 0:00:08]} Kf2 {[%emt 0:00:04]} 79. Kxh3 {[%emt 0:00:06]} g1=Q {[%emt 0:00:10]} 80. Kh4 {[%emt 0:00:16]} Qg6 {[%emt 0:00:05]} 81. Kh3 {[%emt 0:00:10]} Qg3# 0-1

[Event "Nordic Youth-ch A 2019"]
[Site "Borgarnes"]
[Date "2019.02.17"]
[Round "6.19"]
[White "Jaakkola, Niklas"]
[Black "Medhus, Vitus Bondo"]
[Result "1-0"]
[WhiteElo "1635"]
[BlackElo "1788"]
[Annotator "NA"]
[PlyCount "117"]
[EventDate "2019.02.03"]
[EventType "swiss"]
[EventCountry "ISL"]
[SourceTitle "playchess.com"]
[Source "ChessBase"]
[SourceQuality "1"]
[TimeControl "5400+30"]

1. e4 {[%emt 0:00:00]} c5 {[%emt 0:00:00]} 2. Nf3 {[%emt 0:00:00]} g6 {[%emt 0:00:00]} 3. d4 {[%emt 0:00:00]} cxd4 {[%emt 0:00:00]} 4. Nxd4 {[%emt 0:00:00]} Bg7 {[%emt 0:00:15]} 5. Nc3 {[%emt 0:00:07]} Nc6 {[%emt 0:00:12]} 6. Be3 {[%emt 0:00:56]} Nf6 {[%emt 0:00:22]} 7. Bc4 {[%emt 0:03:42]} Qa5 {[%emt 0:00:37]} 8. O-O {[%emt 0:04:04]} O-O {[%emt 0:00:40]} 9. Bb3 {[%emt 0:13:34]} d6 {[%emt 0:00:36]} 10. h3 {[%emt 0:02:08]} Bd7 {[%emt 0:00:37]} 11. Re1 {[%emt 0:07:21]} Rac8 {[%emt 0:00:58]} 12. Rc1 {[%emt 0:13:39]} Rfd8 {[%emt 0:02:49]} 13. a3 {[%emt 0:27:20]} Ne5 {[%emt 0:01:53]} 14. Qe2 {[%emt 0:02:35]} a6 {[%emt 0:01:41]} 15. Bf4 {[%emt 0:04:34]} Nh5 {[%emt 0:01:51]} 16. Bd2 {[%emt 0:01:48]} Qb6 {[%emt 0:01:37]} 17. Be3 {[%emt 0:01:50]} Re8 {[%emt 0:07:58]} 18. Ne6 {[%emt 0:02:17]} Qa5 {[%emt 0:02:41]} 19. Nxg7 {[%emt 0:00:07]} Nxg7 {[%emt 0:00:48]} 20. Nd5 {[%emt 0:01:23]} Rc6 {[%emt 0:01:49]} 21. f4 {[%emt 0:00:57]} Bxh3 {[%emt 0:11:29]} 22. gxh3 {[%emt 0:00:24]} Nd7 {[%emt 0:00:58]} 23. Bd2 {[%emt 0:03:58]} Qd8 {[%emt 0:00:42]} 24. Kh2 {[%emt 0:02:14]} e6 {[%emt 0:00:34]} 25. Nb4 {[%emt 0:00:58]} Rc8 {[%emt 0:00:37]} 26. Nd3 {[%emt 0:00:14]} e5 {[%emt 0:01:35]} 27. fxe5 {[%emt 0:00:40]} Nxe5 {[%emt 0:00:37]} 28. Nxe5 {[%emt 0:00:32]} Rxe5 {[%emt 0:00:10]} 29. Bf4 {[%emt 0:00:11]} Rh5 {[%emt 0:00:34]} 30. Qf2 {[%emt 0:01:14]} Qd7 {[%emt 0:00:27]} 31. Qg3 {[%emt 0:00:49]} Ne6 {[%emt 0:00:44]} 32. Bxe6 {[%emt 0:00:13]} Qxe6 {[%emt 0:00:17]} 33. Bxd6 {[%emt 0:00:58]} Rd8 {[%emt 0:02:11]} 34. e5 {[%emt 0:00:41]} f6 {[%emt 0:01:07]} 35. Qb3 {[%emt 0:01:11]} Re8 {[%emt 0:00:53]} 36. exf6 {[%emt 0:01:11]} Rxh3+ {[%emt 0:00:48]} 37. Qxh3 {[%emt 0:00:10]} Qxd6+ {[%emt 0:00:11]} 38. Qg3 {[%emt 0:00:14]} Qd2+ {[%emt 0:00:15]} 39. Qg2 {[%emt 0:00:18]} Qf4+ {[%emt 0:00:32]} 40. Kg1 {[%emt 0:01:17]} Qd4+ {[%emt 0:00:35]} 41. Qf2 {[%emt 0:00:22]} Qg4+ {[%emt 0:00:23]} 42. Kf1 {[%emt 0:00:13]} Qh3+ {[%emt 0:00:40]} 43. Qg2 {[%emt 0:00:28]} Qf5+ {[%emt 0:00:34]} 44. Kg1 {[%emt 0:00:47]} Qc5+ {[%emt 0:00:40]} 45. Kh2 {[%emt 0:00:35]} Qh5+ {[%emt 0:01:49]} 46. Qh3 {[%emt 0:00:14]} Re2+ {[%emt 0:00:08]} 47. Rxe2 {[%emt 0:00:15]} Qxe2+ {[%emt 0:00:13]} 48. Qg2 {[%emt 0:00:02]} Qe5+ {[%emt 0:01:21]} 49. Kh1 {[%emt 0:00:12]} Qh5+ {[%emt 0:00:52]} 50. Kg1 {[%emt 0:00:20]} Qc5+ {[%emt 0:00:25]} 51. Kf1 {[%emt 0:00:18]} Qf5+ {[%emt 0:00:36]} 52. Qf2 {[%emt 0:02:31]} Qh3+ {[%emt 0:00:07]} 53. Ke2 {[%emt 0:01:02]} Qh5+ {[%emt 0:00:34]} 54. Kd3 {[%emt 0:00:50]} Qd5+ {[%emt 0:00:50]} 55. Kc3 {[%emt 0:00:58]} a5 {[%emt 0:01:10]} 56. Qd4 {[%emt 0:01:28]} Qf3+ {[%emt 0:01:20]} 57. Kc4 {[%emt 0:00:37]} b5+ {[%emt 0:01:56]} 58. Kc5 {[%emt 0:00:51]} h5 {[%emt 0:01:33]} 59. Qd5+ {[%emt 0:00:15]} 1-0